| 000 | 01704nam a2200337Ia 4500 | ||
|---|---|---|---|
| 999 |
_c41513 _d41513 |
||
| 001 | 8180 | ||
| 003 | GE_BSU | ||
| 005 | 20240408110901.0 | ||
| 008 | 181216s2012||||ge |||||||||||||| ||geo|| | ||
| 020 | _a9789941048395 | ||
| 040 | _cGE_BSU | ||
| 041 | _ageo | ||
| 080 | _a616-074 დ-76 | ||
| 100 |
_aდორმანი, ა. _921720 |
||
| 245 |
_aლაბორატორიული მაჩვენებლები / _cა. დორმანი, კ. ლული, ქრ. ჰეერი ; რედ. : ირაკლო რცხილაძე, მ. ბალიაშვილი. |
||
| 250 | _aმე-5 გადამუშავებული და განახლებული გამოცემა | ||
| 264 |
_aთბილისი : _b?, _c2012. |
||
| 300 |
_a269 გვ. ; _c15 სმ. |
||
| 500 | _aთავფურცელზე : Munchen Urban & Fischer | ||
| 500 | _aსაძიებელი : გვ. 237-269 | ||
| 541 | _h20ლ. | ||
| 653 | _aლაბორატორიული მაჩვენებლები | ||
| 700 |
_aლული, კ. _eავტორი _921721 |
||
| 700 |
_aჰეერი, ქრ. _eავტორი _921722 |
||
| 700 |
_aმოსულიშვილი, ია _eმთარგმნელი _921723 |
||
| 700 |
_aნემსაძე, ია _eმთარგმნელი _921724 |
||
| 700 |
_aრცხილაძე, ირაკლი _eრედაქტორი _921725 |
||
| 700 |
_aბალიაშვილი, მანანა _eრედაქტორი _91339 |
||
| 710 |
_aსამედ. სამსახური "მრჩეველი" _921726 |
||
| 942 |
_cBK _2udc |
||